[Event "Groningen"]
[Site "Groningen"]
[Date "1991.??.??"]
[Round "5"]
[White "Dreev, Alexey"]
[Black "Sokolov, Ivan"]
[Result "0-1"]
[WhiteElo "2610"]
[BlackElo "2570"]
[Annotator "Hansen,Cu"]
[PlyCount "59"]
[EventDate "1991.12.??"]
[EventType "tourn"]
[EventRounds "9"]
[EventCountry "NED"]
[EventCategory "13"]
[SourceTitle "CBM 027"]
[Source "ChessBase"]
[SourceDate "1992.04.01"]
[SourceVersion "1"]
[SourceVersionDate "1992.04.01"]
[SourceQuality "1"]

1. d4 Nf6 2. Nf3 g6 3. Bf4 Bg7 4. e3 d6 5. h3 O-O 6. Be2 c5 7. c3 Qb6 8. Qb3
Be6 (8... Qxb3 9. axb3 Nc6 10. Nbd2 Bd7 11. dxc5 dxc5 12. e4 $14 {
Bischoff-Rieke BL 1983-84}) 9. Qxb6 axb6 10. a3 Nc6 11. Nbd2 Na5 $10 12. O-O
Rfc8 13. Rfc1 Bb3 {><b2} 14. Bd3 Nd7 {/\e7-e5} 15. Bb5 Nf8 16. a4 Ne6 17. Bg3
Nc7 18. c4 $2 (18. Be2 c4 $5 {/\b6-b5} (18... Be6 {/\Na5-b3 ><a4} 19. b4))
18... cxd4 19. Nxd4 Bxd4 20. exd4 Ne6 $17 21. Bd7 Nxd4 22. Bxc8 Ne2+ 23. Kh2
Nxc1 24. Bg4 Nd3 25. Ra3 Nxb2 26. Nxb3 Nbxc4 27. Nxa5 Nxa3 $19 28. Nxb7 Rxa4
29. Bd7 Rc4 30. Nd8 $138 {Hansen,C} 0-1

[Event "London Simpsons 175th"]
[Site "London"]
[Date "2003.08.30"]
[Round "5"]
[White "Speelman, Jonathan S"]
[Black "Howell, David"]
[Result "1-0"]
[WhiteElo "2589"]
[BlackElo "2323"]
[Annotator "Hazai,L"]
[PlyCount "81"]
[EventDate "2003.08.25"]
[EventType "tourn"]
[EventRounds "1"]
[EventCountry "ENG"]
[EventCategory "10"]
[SourceTitle "CBM 097"]
[Source "ChessBase"]
[SourceDate "2003.11.11"]
[SourceVersion "1"]
[SourceVersionDate "2003.11.11"]
[SourceQuality "1"]

1. Nf3 Nf6 2. d4 g6 3. Bg5 Bg7 4. Nbd2 O-O 5. c3 d6 6. e3 Qe8 {/\ e5} (6...
Nbd7 7. Be2 e5 8. O-O Qe8 {- 6...Qe8}) 7. Be2 (7. a4 h6 {It is usually
advisable to insert h6 Bh4, because then the B has no retreat on the c1-h6 /^
after a possible e3-e4.} 8. Bh4 e5 9. dxe5 dxe5 10. a5 {White completely
neglects the [+], as if it would be completely closed.} (10. e4 $5) 10... Nh5 {
/\ f5} ({The alternative plan by} 10... e4 $5 11. Nd4 c5 12. N4b3 Qc6 {gains a
lot of space in the [+].}) 11. Bc4 Kh8 12. e4 f5 13. exf5 gxf5 {Black's strong
central pawns cannot be attacked easily.} 14. O-O Nc6 15. Bb5 e4 $5 {
immediately looks logical.} (15... Qg6 16. Nc4 e4 17. Bxc6 bxc6 18. Nfe5 {
This is the difference!} Qe8 19. a6 {White is completely obsessed by the
advance of this flank P.} (19. f4 Ba6 20. Rf2 Nxf4 21. Rxf4 Bxe5 22. Nxe5 Qxe5
23. Bg3 $44 {but not more than.}) (19. Bd8 Bxe5 20. Nxe5 Ba6 21. Bxc7 Bxf1 22.
Kxf1 $44) 19... Rb8 20. Qd8 $5 (20. f4 $2 Nxf4 $17 {Mikac-Sutovsky, Portoroz
1997}) 20... Bxa6 21. Qxe8 Rfxe8 22. Rxa6 Bxe5 23. Nxe5 Rxe5 24. Rxc6 $14) 16.
Nd4 Qg6 17. Nxc6 bxc6 $13) (7. Bd3 {runs into} e5 {and soon or later the fork
by e5-e4 is threatened.} 8. Qc2 (8. O-O Nbd7 9. Qc2 h6 10. Bh4 Nh5 11. g4 Nhf6
{White has won a tempo, but weakened his >>.} 12. h3 d5 13. e4 {White is
better developed, so he has to open the position.} dxe4 (13... exd4 14. cxd4
dxe4 15. Nxe4 Nxe4 16. Bxe4 Nb6 (16... Nf6 17. Bxf6 Bxf6 18. Bd5 {with a
double ->.}) 17. Rfe1 Qd7 18. Qb3) 14. Nxe4 Nxe4 15. Bxe4 f5 $1 {This is a
bright idea to get out of passivity at any rate.} 16. gxf5 gxf5 17. Bxf5 Nc5 $1
{This is the point!} 18. Bxc8 Qxc8 19. Nxe5 Qxh3 20. Ng6 Ne6 $1 21. Ne7+ (21.
Nxf8 Rxf8 $17 {and suddenly the white K is helpless against the threats.})
21... Kh8 22. Ng6+ {White has to keep the checks.} Kg8 {1/2-1/2 Reuss-Aronian,
Deizisau 2002}) 8... Nh5 9. e4 $1 (9. dxe5 {Timman} dxe5 10. e4 Nf4 $1 $15)
9... Nc6 (9... f5 $143 $6 {is premature because of} 10. dxe5 dxe5 11. exf5 gxf5
12. O-O-O $1 {and White will soon blow up Black's seemingly mighty [+].} e4 (
12... h6 13. Be3 e4 14. Bc4+ Kh8 15. Nh4 $14) 13. Nxe4 $1 fxe4 14. Bxe4 {
White gets some pawns and good attacking chances for the piece.} Nf6 15. Bxf6
Bxf6 16. Rhe1 Kh8 $1 {Timman} (16... Qh5 $2 {allows White to win more pawns
for the piece.} 17. Qb3+ Kg7 18. Bxb7 Bxb7 19. Qxb7 Qc5 20. Rd5 $1 Qc6 21. Qxc6
Nxc6 22. Rc5 $18 {Timman-Van Wely, Groningen 1997 68/51 CBM 57}) 17. Bxb7 Qxe1
18. Rxe1 Bxb7 19. Qf5 $1 (19. Ne5 Nc6 $1 $13) 19... Bxf3 20. gxf3 $14 {with
better chances in the _|_, the black pieces lack any of harmony.}) (9... exd4
$5 {Stohl} 10. Nxd4 ({The "natural"} 10. cxd4 $143 {is countered by} f5 {
ruining White's [+] anyway.} 11. e5 Nc6 $1 $36) 10... f5 (10... Nd7 $11) 11. f3
f4 $5 $13 {/\ Nd7-e5} (11... fxe4 12. Bc4+ (12. Nxe4 $6 d5 13. Qb3 Qf7 $36)
12... Kh8 13. Qxe4 Nf6 $132 (13... c6 14. O-O d5 15. Qxe8 Rxe8 16. Rfe1 $1 $14)
)) 10. dxe5 Nxe5 $11 {Timman}) (7. Bc4 {is logical because after e5 the B is
well-placed on the a2-g8 /^.} Nbd7 {/\ e5 looks more flexible.} (7... e5 8.
dxe5 dxe5 9. e4 $1 (9. Qb3 Nc6 {/\ Na5} 10. Qa3 Kh8 (10... e4 $5 11. Nd4 Ne5)
11. Bxf6 Bxf6 12. h4 {This aggressive idea is not in the spirit of this
positional variation.} Be7 13. Qa4 Bd7 14. h5 g5 15. Qc2 f5 $13 {
Hill-Agdestein, Canberra 1997}) 9... Nbd7 (9... h6 {is already met by} 10. Be3
$1) 10. h3 $5 {secures the retreat of the B to the ideal square e3.} (10. O-O
h6 11. Bh4 (11. Be3 $6 {is already weaker due to} Ng4) 11... Nb6 (11... Nh5 $5)
12. Bb3 a5 13. a4 Bd7 (13... Nh5 $5) 14. Bxf6 Bxf6 15. Nc4 Nxc4 16. Bxc4 {
1/2-1/2 Hug-Gallagher, Switzerland chT 1997})) (7... h6 $5)) 7... e5 (7... h6
$5 8. Bh4 e5 9. O-O {- 7...e5}) 8. O-O (8. dxe5 dxe5 9. e4 Nbd7 10. b4 (10. h3
Nh5 11. O-O Nf4) 10... h6 11. Bh4 b6 12. O-O Bb7 13. Bxf6 {White usually
exchanges this B, but he has not enough play on the light squares.} Nxf6 14.
Qc2 Qe7 15. Rfe1 Rfd8 16. Bf1 a5 17. a3 Nd7 18. Nc4 axb4 19. axb4 Rxa1 20. Rxa1
Ra8 21. Rxa8+ Bxa8 22. Ncd2 Nf6 23. Bc4 Ne8 24. Qa2 $11 {Malaniuk-Nielsen,
Lyngby op 1991}) 8... Nbd7 (8... h6 9. Bh4 Nbd7 (9... Bf5 10. a4 Nc6 11. a5 e4
12. Ne1 g5 13. Bg3 Ne7 14. a6 (14. f3 $6 Ned5) 14... b6 15. Nc2 Bg6 16. Nb4 c5
17. Nc2 Nf5 18. Na3 Rd8 $13 {Short-Kramnik, Moscow 1996}) (9... Nc6 10. a4 Nh7
(10... e4 11. Ne1) 11. Bc4 Kh8 (11... e4 12. Ne1 Kh8 13. f3) 12. dxe5 dxe5 (
12... Nxe5 13. Nxe5 Qxe5) 13. e4 Nd8 {/\ Ne6 improving the N's position.} 14.
Re1 Ne6 15. Bb5 c6 16. Bf1 {weakening >< d6} Nhg5 17. Nc4 Nxf3+ 18. Qxf3 f6 19.
Rad1 $14 {V.Kovacevic-Cvitan, Solin/Split 2000}) 10. a4 {- 8...Nbd7}) (8... Nc6
9. dxe5 Nxe5 $5 (9... dxe5 10. e4 Qe7 11. Qc2 h6 12. Bh4 Bg4 13. Nc4 Bxf3 14.
Bxf3 Qe6 15. Ne3 Ne7 16. Be2 $14 {Bogdanovski-Ungureanu, Pula 2003}) 10. Nxe5
Qxe5 (10... dxe5)) 9. a4 (9. dxe5 dxe5 (9... Nxe5 10. Nxe5 Qxe5 $11) 10. e4 Nc5
11. Qc2 Ne6 12. Bh4 Nf4 13. Bc4 N6h5 14. Rfe1 Bg4 15. Bf1 (15. h3 Bd7 {This
manoeuvre has weakened g3, the retreating square of the B.} 16. Rad1 h6) 15...
h6 16. Re3 Bd7 17. Nc4 b5 18. Na5 g5 19. Bg3 {White has always problems with
his dark-squared B.} Qe7 20. b4 c5 21. a3 c4 22. a4 a6 23. Rd1 Be6 $11 {
Lukasiewicz-Tkachiev, Geneva op 1997}) 9... h6 10. Bh4 Nh7 (10... e4 11. Ne1
Nh7 $1 12. Nc2 f5 $13 13. f3 Nhf6 (13... Ndf6 {Gligoric} 14. fxe4 Nxe4 15. Nxe4
Qxe4 $1) 14. Bxf6 (14. fxe4 Nxe4 15. Nxe4 Qxe4) 14... Nxf6 15. fxe4 fxe4 16. a5
c6 17. Qe1 d5 {Now Black has a clear space advantage.} 18. c4 Be6 19. Qg3 Kh7
20. cxd5 cxd5 $15 {Kovacevic-Gligoric, Yugoslavia 1979 28/122}) 11. e4 Bf6 (
11... g5 12. Bg3 h5 13. h3 g4 14. hxg4 hxg4 15. Nh4 exd4 16. cxd4 Bxd4 17. Bxg4
Bxb2 {wins the P but loses the |^ after} 18. Rb1 $36) 12. Bg3 {The B is not
impressive here, but exchanging it is worse.} (12. Bxf6 Nhxf6 13. Qc2 a5) 12...
Qe7 (12... Ng5 $6 13. Nxg5 Bxg5 {allows the breakthrough} 14. f4 exf4 15. Bxf4
$16) (12... a5 {preventing the space-gaining a4-a5 deserves attention.} 13. Qc2
Qe7) 13. Re1 ({Why not first} 13. a5 a6 {and then} 14. Re1) 13... h5 (13... a5
{is again an option.}) (13... Ng5) 14. h4 (14. h3 Ng5 (14... a5) 15. Nxg5 Bxg5)
14... Re8 (14... a5 {This was the last opportunity to resist on the <<.}) 15.
a5 a6 (15... Bg7 {allows the further advance weakening the light squares after}
16. a6 b6 17. Bb5) 16. Nc4 Nhf8 (16... Bg7 17. Qd2) 17. Qd2 (17. Ne3 {/\ Nd5})
17... Ne6 18. Rad1 (18. Ne3 {was still possible.}) 18... Bg7 19. Bf1 f6 {
If Black has to play like that this is the bankrupcy of his opening strategy.
He simply forgot about his <<, which happens sometimes in the King's Indian,
where the B on c8 looks excellent!} (19... exd4 20. cxd4 Nf6 21. d5 Nc5 22. e5
$16) 20. b4 {White has a big space advantage, and Black has no real
counterplay on the >>.} Kh7 21. Ne3 Bh6 22. Qc2 Ndf8 (22... c6 23. d5) 23. Nd5
Qg7 24. dxe5 dxe5 25. c4 {White continues the advance on the <<. The weakness
of >< d4 remains symbolic, as we will see in the game.} Nd8 26. Nd2 Nfe6 27.
Nb3 Nc6 {Black's N manoeuvres are really exhausting...} 28. Qc3 Rd8 (28... Ncd4
29. Nxd4 Nxd4 30. Rxd4 $1 exd4 31. Qxd4 $18) 29. b5 Ncd4 30. Nxd4 Nxd4 {[#]}
31. Rxd4 $1 {This typical positional exchange sacrifice puts an end on the
career of the kinghts.} exd4 32. Qxd4 $18 {and Black's position is completely
destroyed.} Kh8 (32... Be6 33. Nxf6+ Kh8 34. Qe5 $18) 33. Qb2 axb5 34. cxb5 Qf7
35. Ra1 {Safety first.} (35. Qxf6+ Qxf6 36. Nxf6 Rf8) 35... Rxd5 {Desperation,
but it was hopeless.} (35... Bg7 36. Nxc7 f5 37. Qa2 $18) 36. exd5 Qxd5 37.
Qxf6+ $1 Bg7 38. Qxg6 Bxa1 39. Bd3 Qd7 40. Qh6+ Kg8 41. Bc4+ 1-0

[Event "Hastings 9899"]
[Site "Hastings"]
[Date "1998.12.31"]
[Round "3"]
[White "Speelman, Jonathan S"]
[Black "Plaskett, H James"]
[Result "1-0"]
[WhiteElo "2600"]
[BlackElo "2455"]
[Annotator "Hazai,L"]
[PlyCount "81"]
[EventDate "1998.12.29"]
[EventType "tourn"]
[EventRounds "9"]
[EventCountry "ENG"]
[EventCategory "13"]
[SourceTitle "CBM 069"]
[Source "ChessBase"]
[SourceDate "1999.04.01"]
[SourceVersion "1"]
[SourceVersionDate "1999.04.01"]
[SourceQuality "1"]

1. d4 {Ftacnik} Nf6 2. Nf3 g6 3. Bg5 Bg7 4. Nbd2 c5 5. c3 (5. e3 $5) 5... cxd4
6. cxd4 O-O (6... d5 7. e3 Nc6 8. Bd3 {- D03}) 7. e3 {This modest setup cannot
yield any advantage for White in the opening phase.} (7. e4 d5 $1 8. e5 Ne4 $13
) 7... Nc6 (7... d6 8. Be2 Nc6 9. O-O h6 $5 $13 (9... Bf5 $6 10. Qb3 $1 Na5 11.
Qa3 $14 {Malaniuk-Kengis, Luzern 1993})) 8. a3 {This move is perhaps preparing
for Bd3, although this can be played without it.} (8. Be2 h6 (8... d5 9. O-O
Bf5 10. Qb3 Qb6 11. Qxb6 axb6 12. a3 $14 {Balashov-Hellers, Malmo 1987}) 9. Bh4
d6 10. O-O g5 11. Bg3 Nh5 12. Qb3 e5 13. d5 Ne7 14. e4 Nf4 15. Rfe1 Neg6 $13 {
Trifunovic-F.Olafsson, Bled 1961}) (8. Bd3 d6 9. O-O Bg4 (9... h6 $5 10. Bh4 g5
11. Bg3 Nh5) 10. h3 Bxf3 11. Nxf3 Qb6 12. Qe2 Rfc8 13. Rac1 e5 {Soon or later
Black has to attack White's [+].} 14. dxe5 dxe5 15. Bxf6 Bxf6 16. Be4 Ne7 $11 {
Manor-Shirov, Tunja 1989}) 8... h6 9. Bh4 d6 10. Bd3 e5 11. O-O (11. d5 {
Ftacnik} Ne7 12. e4 Nh5 $13) 11... g5 $1 (11... exd4 $5 {Ftacnik} 12. Nxd4 Nxd4
13. exd4 Qb6 $5) 12. Bg3 Qe7 (12... g4 $5 {is risky, but perhaps playable:} 13.
Nh4 (13. dxe5 $4 dxe5 14. Nxe5 (14. Ne1 {Ftacnik} Nh5 15. Qb3 $13) 14... Nxe5
15. Bxe5 Qxd3 $19) 13... exd4 {It is not easy to find an adequate compensation
for the P.} 14. Nb3 (14. Nc4 Nh5 15. Nf5 Bxf5 16. Bxf5 Nxg3 17. hxg3 d5 $1 18.
Nd2 Qg5 $15) (14. exd4 Nxd4 {'-/+' Ftacnik.}) (14. Nf5 Bxf5 15. Bxf5 dxe3 (
15... Qa5 $5) 16. fxe3 Ne5 $13) 14... Nh5 {with unclear consequences.} (14...
dxe3 15. fxe3 Qb6)) (12... Nh5 $6 {is worse on account of the usual} 13. Nxe5
$1 Nxe5 (13... dxe5 14. Qxh5 $14) 14. Bxe5 dxe5 15. Qxh5 exd4 16. e4 $14 {
and Black's >> is rather weakened, while the o^ on d4 is completely blockaded.}
) 13. Qc2 Bd7 ({Now} 13... g4 $6 {doesn't work because of} 14. dxe5 dxe5 15.
Nh4 $14) (13... Re8 14. dxe5 dxe5 15. Ne4 $1 {This is White's main idea to
exploit the weaknesses of the light squares especially on the /^ b1-h7. For
this reason a3 Qc2 and Bd3 work excellent together.} Nxe4 (15... Nd5 16. Nc5 $1
f5 (16... b6 $6 17. Be4 $16)) 16. Bxe4 f5 17. Bxf5 e4 18. Bxc8 Raxc8 19. Nd2 (
19. Qb3+ $5) 19... Nd4 20. Qd1 $14 {and Black has to show something for the
sacrificed P.}) (13... Bg4 $5 {puts more pressure on the [+].} 14. dxe5 dxe5
15. e4 (15. Rac1 Rad8 $1 $13 (15... Bxf3 16. gxf3 h5 17. h4)) (15. Bf5 Bxf5 16.
Qxf5 Rad8 $1 $132 (16... e4 {is less clear in view of} 17. Nd4 Nxd4 18. exd4
$14)) (15. Ne4 Nxe4 16. Bxe4 f5 17. Bxc6 bxc6 $17 {and the bad B on g3 feels
himself very uncomfortably.}) 15... Nh5 $13) (13... Nh5 $2 14. d5 $16) 14. Rac1
Rac8 (14... Rae8 {was woth of trying:} 15. dxe5 dxe5 16. e4 {Black has some
weaknesses (especially on ><f5), but the passive B on g3 causes also some
headache for White.} Nh5 (16... g4 17. Nh4 Nd4 18. Qb1 $14) 17. Nc4 Bg4 $1 (
17... Nf4 18. Ne3 $1 $14) 18. Ne3 Bxf3 19. gxf3 Nd4 $15) 15. Qb1 Rfe8 {leaving
><f5 only temporarily! Ftacnik: 'All black pieces are well developed and the
only prize he payed is the weakness of b1-h7 diagonal.'} (15... exd4 {Ftacnik}
16. Nxd4 Nh5 17. Nf5 Bxf5 18. Bxf5 $14) 16. dxe5 dxe5 17. Ne4 (17. Bf5 $6 e4)
17... Nxe4 (17... Red8 {Ftacnik} 18. Nxf6+ Qxf6 19. Bh7+ Kh8 20. Be4 $14) 18.
Bxe4 Rf8 {Black is threatening with f7-f5, the battle for ><f5 continues.} (
18... f5 {is not quite correct:} 19. Bxf5 e4 20. Bxd7 Qxd7 21. Rfd1 $14) 19.
Bh7+ {'!?' Ftacnik. worsening the K's position.} Kh8 20. Bf5 Rfe8 {'?' Ftacnik.
} (20... Bxf5 $1 {was the clear-cut solution here.} 21. Qxf5 e4 {activating
the B on the long /^.} 22. Nd2 (22. Nd4 Nxd4 23. exd4 Rxc1 24. Rxc1 Bxd4 25.
Rc7 Qe6 $17) 22... Bxb2 23. Nxe4 (23. Rc4 {Ftacnik} Qe6 24. Qxe6 fxe6 25. Rb1
Bxa3 26. Rxb7 Rfd8 27. Nf1 $13) (23. Rb1 Bxa3 24. Nxe4 Kg7 25. h4 $13) 23...
Qe6 $1 $13 (23... Bxc1 $4 24. Nf6 $18 (24. Nf6 Kg7 25. Qh7+ Kxf6 26. Qxh6+ Kf5
27. e4+ Kxe4 (27... Qxe4 28. Qh7+ $18) 28. Re1+ Kd3 29. Rxe7 Nxe7 30. Qd6+ Kc2
31. Qxe7 Rfe8 32. Qb4 Bxa3 33. Qa4+ Kb1 $19))) 21. b4 e4 (21... Bxf5 {Ftacnik}
22. Qxf5 e4 23. Nd2 Bb2 24. Rc4) 22. Bxd7 Qxd7 23. Rfd1 Qe6 (23... Qe7 $5 {
Ftacnik} 24. Nd2 (24. b5 exf3 25. bxc6 bxc6 26. gxf3 Qxa3 27. Rd7 Re7 28. Rcd1
$13) 24... f5 25. Nc4 $14) 24. b5 exf3 {'?' Ftacnik. Ftacnik: 'Plaskett
understimated the endgame, white's control of the 7th rank will be crucial.'} (
24... Ne7 $5 {Ftacnik} 25. Nd4 Qg6 $13) 25. bxc6 bxc6 $1 (25... Rxc6 $2 26.
Qxb7 $16) 26. Rd6 (26. gxf3 $1 c5 27. Rd6 Qe7 28. Qb5 $1 $14 {and White's
heavy pieces are well-activated.}) 26... Qe4 (26... Qg4 {Ftacnik} 27. Qb7 $1 (
27. Rdxc6 Rxc6 28. Rxc6 fxg2 29. Kxg2 $11) 27... fxg2 28. Qxf7 Qe4 29. Rd7 $16)
27. Qxe4 Rxe4 {Now the _|_ is drawish in case of correct play.} 28. Rd7 (28.
gxf3 Ra4 $11) 28... Ra4 (28... Kg8 {Ftacnik} 29. Rxa7 fxg2 30. Kxg2 $14) 29.
Rxf7 Kg8 (29... fxg2 {Ftacnik} 30. Bd6 a5 (30... Bb2 31. Rb1 Bxa3 32. Be5+ Kg8
33. Rbb7 Re4 34. Rg7+ Kf8 35. Rh7 $18) 31. Rb1 $16) 30. Rd7 (30. Rc7 Rxc7 31.
Bxc7 Rxa3 32. gxf3 Bc3 $13 {and Black's distant o^ can be dangerous.}) 30...
Rxa3 $2 {Taking this completely irrelevant P is a big mistake. Black had
already a o^, therefore he had to push it! There is no chance to queen two o^.}
(30... c5 $1 31. Rb1 (31. gxf3 $6 c4 $15) 31... c4 32. Rbb7 Bf6 33. Rd6 Rf8 $1
$13) (30... fxg2 {Ftacnik} 31. Rb1 Rxa3 32. Rbb7 Bc3 33. Rd6 $40) 31. gxf3 a5 (
{Here} 31... c5 {is already late.} 32. Rb1 c4 33. Rbb7 Bf6 (33... Bf8 34. Be5)
34. Rd6 $18) 32. Rb1 a4 (32... Ra1 $2 33. Rxg7+ $18) 33. Rbb7 {Now the rooks
have the absolute power on the seventh rank.} Bf8 (33... Bh8 34. Rd6 $18) (
33... Bc3 {Ftacnik} 34. Rd6 Ra1+ 35. Kg2 a3 36. Rg6+ Kh8 37. Rxh6+ Kg8 38. Rg6+
Kh8 39. Ra7 $16) 34. Be5 {The B takes the important long /^. Ftacnik: 'White
pieces occupy excellent positions, the counterplay with black a pawn is
unsufficient.'} Rb3 35. Ra7 (35. Rxb3 $6 {Ftacnik} axb3 36. Rb7 c5 37. Rxb3 c4
$11) 35... Rb5 (35... a3 36. Rh7 $1 $18) 36. Bg7 $1 Bc5 (36... g4 {Ftacnik} 37.
f4 Rb1+ 38. Kg2 Bc5 39. Rxa4 $16) (36... Bxg7 {Ftacnik} 37. Rxg7+ Kf8 38. Rh7
Kg8 39. Rxh6 $16) 37. Rxa4 Rb4 38. Ra2 Bf8 (38... g4 {Ftacnik} 39. Kg2 h5 40.
Bh6 $16) 39. Bxf8 Rxf8 40. Kg2 Rh4 (40... g4 {Ftacnik} 41. f4 Rf7 42. Rd6 $18)
41. Rc7 1-0